000 01265nam a22002297a 4500
999 _c60152
_d60152
003 Ge_BSU
005 20230613125952.0
008 230613s1992 ge ||||| |||| 00| 0 geo d
020 _a5520010056
041 _ageo
080 _a902.2(479.221.2) მ-30
100 _aმარგიშვილი, სოსო
_918669
245 _aანტიკური ხანის მდიდრული სამარხები ალგეთის ხეობიდან /
_cსოსო მარგიშვილი; [რედ.: ოთ. ლორთქიფანიძე]; საქ. მეცნ. აკად., არქეოლ. კომისია.
264 _aთბილისი :
_bმეცნიერება,
_c1992.
300 _a144 გვ. ;
_b20 სმ.
504 _aბიბლიოგრ. ტექსტის შენიშვნ.
520 _aრეზ. რუს. ენ.
653 _aარქეოლოგიური გათხრები აღმოსავლეთ საქართველოში
653 _aსამარხები საქართველოში
700 _aლორთქიფანიძე, ოთ.
_eრედაქტორი
_918351
942 _2udc
_cBK